MDQL
is popping MORE tags! Check the
thread
!
Quizzes
Events
Quiz Creation
Community
Videos
Private Events
Remove Ads
Sign In
Join for FREE
Feedback
Dark Mode
Quiz Categories
Sports
Geography
Music
Movies
Television
Just For Fun
Miscellaneous
History
Literature
Language
Science
Gaming
Entertainment
Religion
Holiday
For Kids
Quiz Lab
Recent
Popular Today
Quiz Kudos Today
Editor Picks
Curator Picks
Quizzes by...
Day
Popularity
Type
Ratings
Length
Year
Community
Subscriptions
Recent Discussions
Orange Saloon
Badges
Playlists
Quests
Create
Leaderboards
Showdown
Live 5
Trivia Bingo
Activity
Puzzle Library
Sporcle Events
Private Events
Virtual Trivia
Globe League
Become a Host
Pub Owners
SporcleCon
Opinionation
Our Games
Videos
Blog
Mobile Apps
Partnerships
Remove Ads and Go Orange
Feedback
Entertainment
Celebrity
Famous
Musical
Broadway
Show
Quote
Comic Books
Anime
Superhero
DC Comics
Marvel
Cartoons
Animation
Entertainment
Celebrity
Famous
Musical
Broadway
Show
Quote
Comic Books
Anime
Superhero
DC Comics
Marvel
Cartoons
Animation
Random Quiz
Search Sporcle
×
Quiz Lab
Quiz Lab
Entertainment
fruit
Type in answers that appear in a list
Type in answers that appear in a list
Classic
Best Score? Go Orange.
More Fruits by Hint Stats
Can you name the Fruits by Hint?
By
ebertar
10m
15 Questions
58 Plays
58 Plays
58 Plays
Comments
Comments
Give Quiz Kudos
Give Quiz Kudos
-
- Ratings
hide this ad
More Info
Forced Order
Answers have to be entered in order
Answers have to be entered in order
Replay
Link that replays current quiz
Next Quiz
Link to next quiz in quiz playlist
You Got
0%
They Got
Avg Score
34%
Avg Friend Score
Upgrade to see
Score Distribution
Jump to the score distribution portion of the page
Score
0/15
Timer
10:00
0
Plays Today
Hint
Fruit
% Correct
Jet Grizzly-
esque
Blackberry
62.1%
Not Able to Run Away with a Lover
Cantaloupe
60.3%
Beige Tribunal Nitrogen
Tangerine
43.1%
Dr. Medicine Woman Snake Sound
Quince
41.4%
Plantation Without To
Plantain
37.9%
Tia's Twin Sister Conclusion
Tamarind
37.9%
Nape of the Large Soup Dish
Nectarine
34.5%
Handbag Theology School
Persimmon
34.5%
Hint
Fruit
% Correct
Kanga'a Baby Prong (not technically a fruit... but it's usually used like one)
Rhubarb
27.6%
Islamic Text Baseball Bonds
Cranberry
27.6%
Gloomy Naked Entertainment Television
Blueberry
25.9%
Male Boldness
Mandarin
24.1%
Water Flow
Currant
20.7%
Approach Rectangular Lawn
Kumquat
20.7%
Illustration Abbreviation
Fig
15.5%
Quiz Playlist
Details
Report
Send in Message
Add To Playlist
More Info:
This is a second one! The original is better, but there were a few good ones I had left, so I made another quiz...
Classic:
Type in answers that appear in a list
Forced Order:
Answers have to be entered in order
Quiz Source
Last Updated: Feb 16, 2017
Quiz Scoreboard
CHALLENGE
Sign Up to Join the Scoreboard
Show All
Scores
Hide
Comments
May contain spoilers
Recently Published
Holiday 10x10 Sorting Gallery
by lukepisani3
Holiday
15m
Two Season TV Shows II
by 123Four
Television
10m
Image Sorting: Flags VI
by Barbecue
Geography
2m
More to Explore
Quiz From the Vault
Featured Blog Post
14 Easter Pick-up Lines to Find Eggs With
hide this ad
You Might Also Like...
Tags
fruit
Today's Top Quizzes in Entertainment
Browse Entertainment
hide this ad
Today's Top Quizzes in fruit
Browse fruit
Top Contributed Quizzes in Entertainment
1
Marvel Classic Character Map
2
Movie-Themed Roller Coasters
3
Dragon Ball Z: Goku's Fights in Order
4
Marvel Characters Bunker
5
Sorting Pictures: Villains
6
Who stole Onew's chicken? (KPOP LOGIC QUIZ)
7
Haikyuu Logic Quiz
8
Celebrity Spelling Bee
9
JoJo's Bizarre Logic Quiz
10
Image Sorting: Anime
Explore More
Trending Topics
Anime
Kpop
Marvel
Harry Potter
NBA
Disney
Crossword
Country
Puzzle
WWE
Pokémon
NFL
Song
The Office
Soccer
hide this ad
More By:
ebertar
Quiz
Plays
Rating
Category
Featured
Created
Common American Trees (By Leaf)
1,788
2.86
Science
Apr 8, 2010
Common Trees (By Silhouette of Leaves)
954
4.25
Science
Apr 11, 2010
Taco Bell 7-Layer Burrito Ingredients
801
4.00
Miscellaneous
Apr 2, 2010
Common Fruits by Hint
119
3.00
Just For Fun
Apr 9, 2010
Abhorsen's Bells
112
4.75
Literature
Mar 31, 2010
Go to Creator's Profile
Score Distribution
Quiz Creator Spotlight
ebertar
Follow
Send a Message
Quizzes Created
-
Created Quiz Play Count
-
More By This Creator
Popular Quizzes Today
1
Find the US States - No Outlines Minefield
2
Colored Red Africa Blitz
3
Find the 'City' Movie
4
The Countries of the World
5
Find the US States
6
5x2 Blitz: Bands
7
Find the Countries of Europe - No Outlines Minefield
8
US States
More Entertainment Quizzes
Who Played That Character? IV
Published
Trending Quizzes
Colored Red Europe Blitz I
Colored Red Europe Blitz II
Colored Red Africa Blitz II
Colored Red Europe Blitz III
Colored Red Africa Blitz III
Recently Updated
Odd Team Out - Big 4 Players
pecheneg
Quick Pick: 20 Twenties
pecheneg
March Madness Men's Triple Doubles
pecheneg
How Do You Spell That?
pecheneg
Godzilla Movies
pecheneg
Grab Bag: 4-10 Letters
pecheneg
2024 March Madness Bracket
pecheneg
Famous TV Couples
Peacemaker
Champions League XIs: Real Madrid
pecheneg
Largest US Cities 1790-2010
pecheneg
Trending Topics
Anime
Kpop
Harry Potter
NBA
Disney
Crossword
Marvel
Country
WWE
Puzzle
Song
Soccer
NFL
Pokémon
The Office
Your Account Isn't Verified!
In order to create a playlist on Sporcle, you need to verify the email address you used during registration. Go to your
Sporcle Settings
to finish the process.
Report this User
Report this user for behavior that violates our
Community Guidelines
.
Details:
Send Report
Go to the Sporcle.com Mobile Site →
Comments